000
00254nam a2200109Ia 4500
008
230907s9999||||xx |||||||||||||| ||und||
082
_a
150
_b
PAS
245
0
_a
Psychology :
260
_a
McGraw-Hill,
_b
Australia :
_c
2017
300
_a
834 p.
942
_c
BK
999
_c
601106
_d
601106